| 000 | 00581nam a2200181Ia 4500 | ||
|---|---|---|---|
| 003 | SSLC | ||
| 005 | 20260212141738.0 | ||
| 008 | 200302s9999 xx 000 0 und d | ||
| 020 | _a9780323375108 | ||
| 050 |
_aR 895 _b.B86 2017 |
||
| 100 | _aBushog, Stewart Carlyle | ||
| 245 |
_cStewart Carlyle Bushog, Frank Goener.-- _aRadiologic science for technologists : _bphysics,biology, and protection / |
||
| 250 | _a11th | ||
| 260 |
_aSt. Louis, Missouri: _bElsevier _c2017 |
||
| 300 |
_avii, 275 pages : _bblack and white illustrations; |
||
| 650 | _aRadiology. | ||
| 942 |
_2lcc _cBK |
||
| 999 |
_c363046 _d363046 |
||